| 000 | 00480nam a22001097a 4500 | ||
|---|---|---|---|
| 008 | 110623t xxu||||| |||| 00| 0 eng d | ||
| 010 | _aCACCF-87 | ||
| 245 | _aCourt Appeal Constitutional Cause No.3 of 1997 Serapio Rukundo Vs Attoney General. | ||
| 260 | _c1997 | ||
| 500 | _aCORAM: G.M. Okello, JA.; A.E.M. Bahigeine, JA.; S.G.Engwau, JA. & A. Twinomujuni, JA. | ||
| 999 |
_c3780 _d3780 |
||